Mobbing in unterschiedlichen Schülermilieus

Saved in:  
Bibliographic Details
Authors: Kerner, Hans-Jürgen 1943- (Author) ; Stroezel, Holger 1962- (Author) ; Wegel, Melanie 1968- (Author)
Format: Print Article
Language:German
Published: 2009
In: Pädagogische Rundschau
Year: 2009, Volume: 63, Issue: 3, Pages: 355-367
Check availability: HBZ Gateway

MARC

LEADER 00000caa a22000002c 4500
001 151798520X
003 DE-627
005 20220603150525.0
007 tu
008 151023s2009 xx ||||| 00| ||ger c
035 |a (DE-627)151798520X 
035 |a (DE-576)447985205 
035 |a (DE-599)BSZ447985205 
040 |a DE-627  |b ger  |c DE-627  |e rakwb 
041 |a ger 
084 |a 2,1  |2 ssgn 
100 1 |a Kerner, Hans-Jürgen  |d 1943-  |0 (DE-588)108143007  |0 (DE-627)544028058  |0 (DE-576)161691080  |4 aut 
109 |a Kerner, Hans-Jürgen 1943-  |a Kerner, Ch.-Ju. 1943-  |a Kerner, Hans Jürgen 1943-  |a Kerner, Hans Juergen 1943- 
245 1 0 |a Mobbing in unterschiedlichen Schülermilieus  |c Hans-Jürgen Kerner ; Holger Stroezel ; Melanie Wegel 
264 1 |c 2009 
336 |a Text  |b txt  |2 rdacontent 
337 |a ohne Hilfsmittel zu benutzen  |b n  |2 rdamedia 
338 |a Band  |b nc  |2 rdacarrier 
700 1 |a Stroezel, Holger  |d 1962-  |0 (DE-588)138587353  |0 (DE-627)604378971  |0 (DE-576)180880950  |4 aut 
700 1 |a Wegel, Melanie  |d 1968-  |0 (DE-588)130517127  |0 (DE-627)503035092  |0 (DE-576)298243512  |4 aut 
773 0 8 |i In  |t Pädagogische Rundschau  |d Berlin : Peter Lang, Internationaler Verlag der Wissenschaften, 1947  |g 63(2009), 3, Seite 355-367  |w (DE-627)129489603  |w (DE-600)205916-2  |w (DE-576)014883260  |x 0030-9273  |7 nnas 
773 1 8 |g volume:63  |g year:2009  |g number:3  |g pages:355-367 
951 |a AR 
ELC |b 1 
ORI |a SA-MARC-krimdok_oa001.raw